000 00896nam a2200253 i 4500
001 24782
003 ES-MaACL
005 20230906153128.0
007 t|
008 021218s1985 xxk ||||1| eng d
020 _a0-7201-1781-X
100 1 _aAnwar, Mumtaz A.
_922013
245 1 0 _aInformation services in Muslim countries
_b: an annotated bibliography... on library, information and archive services /
_cMumtataz A. Anwar.
260 _aLondon ;
_aNew York :
_bMansell,
_c1985.
300 _aXIV, 146 p. ;
_c22 cm.
490 1 _aLibraries and Librarianship in the Mulsing world
500 _aIndices.
504 _aBibliografía.
650 4 _aBibliotecas-
_zPaíses árabes-
_vBibliografías.
_9165340
650 0 4 _aServicios de información.
_917064
830 0 _aLibraries and Librarianship in the Mulsing world
_9229104
852 _aES-MaACL
_jL-12461
999 _c24782
_d24782